000 00968cam a2200289 a 4500
001 4327933
005 20151015093834.0
008 880906s1989 nyu b 001 0 eng
010 _a 88008413
020 _a0023796219 (v. 1)
020 _a0023796227 (v. 2)
040 _aDLC
_cDLC
_dDLC
050 0 0 _aPS507
_b.A68 1989
082 0 0 _a810/.8
_219
245 0 0 _aAnthology of American literature /
_cgeneral editor, George McMichael ; advisory editors, Frederick Crews ... [et al.].
250 _a4th ed.
260 _aNew York :
_bMacmillan,
_cc1989.
300 _a2 v. ;
_c24 cm.
504 _aIncludes bibliographies and indexes.
505 0 _av. 1. Colonial through romantic -- v. 2. Realism to the present.
650 0 _aAmerican literature.
651 0 _aUnited States
_xLiterary collections.
700 1 _aMcMichael, George L.,
_d1927-
700 1 _aCrews, Frederick C.
906 _a7
_bcbc
_corignew
_d1
_eocip
_f19
_gy-gencatlg
942 _2lcc
_cBOOKS
999 _c1940
_d1940